Los Riegos de Urgel : estudio del problema y su solución racional / por Ignacio Gavín estudio del problema y su solución racional / por Ignacio Gavín
Descripción Física:
79 p. ; 24 cm
Materias:
Canal d'Urgell
MARC
| LEADER | 00000nam a2200000Ia 4500 | ||
|---|---|---|---|
| 001 | 9810 | ||
| 003 | BGR | ||
| 005 | 20260324175301.0 | ||
| 008 | 160829s1927 xx 000 0 cat d | ||
| 080 | |a C-2-119 | ||
| 100 | |a Gavín, Ignacio |9 24850 | ||
| 245 | |a Los Riegos de Urgel : |b estudio del problema y su solución racional / por Ignacio Gavín | ||
| 260 | |a Barcelona : |b Liga de Defensa de los Agricultores de Urgel, |c 1927 | ||
| 300 | |a 79 p. ; |c 24 cm | ||
| 590 | |a Després del títol: Esta obra contiene leyes, concesiones, convenios, informes y otros datos de gran interés para los propietarios de Urgel | ||
| 650 | |a Canal d'Urgell |9 24851 | ||
| 710 | 2 | |a Liga de Defensa de los Agricultores de Urgel |9 71357 | |
| 901 | |a Arxiu | ||
| 942 | |n 1 |2 udc |c MON | ||
| 952 | |0 0 |1 0 |4 0 |6 C2119 |7 1 |9 43343 |a Arxiu |b Arxiu |d 2016-12-01 |l 0 |o C-2-119 |p 9810 |r 2016-12-01 00:00:00 |w 2016-12-01 |y ARXIU | ||
| 999 | |c 45888 |d 45888 | ||